| 000 | 00985cab a2200277 4500 | ||
|---|---|---|---|
| 001 | ABS50779 | ||
| 008 | 090401t1994 xxu||||| |||| 00| 0 eng d | ||
| 035 | _a(Sirsi) u44010 | ||
| 041 | _aeng | ||
| 100 | _aOatley, N. | ||
| 245 | _aWinners and losers in the regeneration game | ||
| 260 | _c1994 | ||
| 350 | _a0 | ||
| 490 |
_aPlanning (for the Natural and Built Environment) _v(1068) 13 May 1994, 24-26(3) |
||
| 520 | _aLooks at the effects of competitive bidding for funds available under the single regeneration budget, and reports the results of a survey of local authorities unsuccessful in their bids. Evaluates the impact of failure on urban regeneration schemes. | ||
| 650 | _aCITY CHALLENGE | ||
| 650 | _aESTATE ACTION | ||
| 650 | _aFUNDING | ||
| 650 | _aINNER CITY REDEVELOPMENT | ||
| 650 | _aRURAL CHALLENGE | ||
| 650 | _aSINGLE REGENERATION BUDGET | ||
| 690 | _aPLANNING LAW AND PRACTICE | ||
| 690 | _aURBAN RENEWAL | ||
| 942 | _n0 | ||
| 948 | _c04/03/1997 | ||
| 999 |
_c28058 _d28058 |
||